000 00432nam a2200181Ia 4500
008 210210b1946 xxu||||| |||| 00| 0 eng d
041 _aeng
082 _a330/424
100 _aSILVERMAN (H A)
245 _aStudies in industrial organization
260 _aLondon
_bMethuen & Co Ltd.
_c1946
650 _aStudies
650 _aorganization
650 _aindustrial
650 _ain
690 _aEconomics
906 _a003827
999 _c120974
_d120974